000
00348nam a2200169Ia 4500
100
_a
Rosenzweig/Phil
650
_a
General
942
_c
BK
366
_f
20
654
_a
brain
245
_a
Left Brain Right Stuff
260
_b
Profile Books
_c
2014
082
_a
808.83
_b
ROS
300
_a
322
546
_a
ENGLISH
_c
Computers
999
_c
24782
_d
24782